| 000 | 00350nam a2200145Ia 4500 | ||
|---|---|---|---|
| 008 | 230312s9999||||xx |||||||||||||| ||und|| | ||
| 020 | _a9781119083122 | ||
| 082 |
_a005.5 _bWEV-O |
||
| 100 | _aHarvey,Greg | ||
| 245 | 0 | _aExcel 2013 for dummies | |
| 260 |
_bWiley _aUSA _c2016 |
||
| 300 | _a768 | ||
| 650 |
_aComputer _vComputer Programs |
||
| 942 | _cBK | ||
| 999 |
_c17513 _d17513 |
||